000 00357nam a2200121Ia 4500
005 20251222154438.0
008 251222s9999||||xx |||||||||||||| ||spa||
020 _a978-84-200-1103-5
082 _a664.002.86/W23
100 _a"Wang, Lawrence K., ed.y otros"
245 0 _aTratamiento de los residuos de la industria del procesado de alimentos
942 _cLIB
999 _c36671
_d36671